| 000 | 00627nam a2200145 a 4500 | ||
|---|---|---|---|
| 008 | 120416s1983 xx |||||||||||||| || u | ||
| 050 | _aTHESIS/POSTGRADUATE | ||
| 100 | _aChimbelu, Elliot G | ||
| 245 | 1 | 4 |
_aThe availability, use and management potentials of mungongo (Ricinodendron Rautanenii Schinz) _cPhd thesis |
| 246 | _aa case study of the Southern Shungu Region, Zambia | ||
| 260 |
_a _bState University of New York, Syracuse _c1983 |
||
| 350 | _a0.00 | ||
| 650 | _aFORESTRY | ||
| 995 |
_D0.00 _FCBU-MAIN LIBRARY (Kitwe) _H1 _I0.00 _UAVAILABLE _ZUniversity Collection |
||
| 999 |
_c35360 _d35360 |
||